000 00608nam a2200229Ia 4500
003 OSt
005 20221007071624.0
006 a|||||r|||| 00| 0
007 ta
008 221006b |||||||| |||| 00| 0 eng d
024 _a17,685
037 _cTextual
040 _aFLL
_cFLL
_beng
041 _2eng
_aeng
082 _aY1:45, L0
100 _aKnudten Richard D. Au.
_9689092
245 0 _aCrime in complex society
260 _aLondon
_bDorsey Pub. England
_c1970
300 _axv,758p
_ccm.
942 _hY1:45, L0
_cTEXL
_2CC
999 _c1143816
_d1143816